000 00425pam a2200169 a 4500
020 _a0-517-06502-9
_c
041 _h
082 _a641.5
100 _aED BY CONSTABLE GEORGE
_eAuthor
245 _aBEST RECIPES FROM TIME-LIFE BOOK
_cED BY CONSTABLE GEORGE
_hTextual Documents
250 _a1st
260 _anew york
_bWINGS Books
300 _a352
653 _aFood Producation
700 _eCo-Author
930 _a407
999 _c227808
_d227808